5HLuxD.jpg

KING HENRY VIII SENIOR AND PRIMARY SCHOOL LIBRARY OPAC

DNA and heredity / (Record no. 476)

000 -LEADER
fixed length control field 01031nam a2200337 a 4500
001 - CONTROL NUMBER
control field 019362103
003 - CONTROL NUMBER IDENTIFIER
control field UkOxU
005 - DATE AND TIME OF LATEST TRANSACTION
control field 20190816080601.0
008 - FIXED-LENGTH DATA ELEMENTS--GENERAL INFORMATION
fixed length control field 100304r20122011enka b 001|0 eng d
015 ## - NATIONAL BIBLIOGRAPHY NUMBER
National bibliography number GBB136867
Source bnb
020 ## - INTERNATIONAL STANDARD BOOK NUMBER
International Standard Book Number 9780431014920
Qualifying information hbk.
035 ## - SYSTEM CONTROL NUMBER
System control number (IeDuTC)b145323985
035 ## - SYSTEM CONTROL NUMBER
System control number (Uk)015776075
040 ## - CATALOGING SOURCE
Original cataloging agency StDuBDS
Language of cataloging eng
Transcribing agency StDuBDS
Modifying agency IeDuTC
042 ## - AUTHENTICATION CODE
Authentication code ukscp
082 04 - DEWEY DECIMAL CLASSIFICATION NUMBER
Classification number 572.86 RAN
Edition number 22
100 1# - MAIN ENTRY--PERSONAL NAME
Personal name Rand, Casey.
Relator term author
245 10 - TITLE STATEMENT
Title DNA and heredity /
Statement of responsibility, etc. Casey Rand.
260 ## - PUBLICATION, DISTRIBUTION, ETC.
Place of publication, distribution, etc. Oxford :
Name of publisher, distributor, etc. Raintree,
Date of publication, distribution, etc. 2012.
300 ## - PHYSICAL DESCRIPTION
Extent 48 p. :
Other physical details ill. (chiefly col.) ;
Dimensions 25 cm.
490 1# - SERIES STATEMENT
Series statement Investigating cells
500 ## - GENERAL NOTE
General note Originally published: Capstone Global Library Ltd, 2011.
504 ## - BIBLIOGRAPHY, ETC. NOTE
Bibliography, etc. note Includes bibliographical references and index.
521 2# - TARGET AUDIENCE NOTE
Target audience note Key Stage 3.
650 #0 - SUBJECT ADDED ENTRY--TOPICAL TERM
Topical term or geographic name entry element DNA
Form subdivision Juvenile literature.
650 #0 - SUBJECT ADDED ENTRY--TOPICAL TERM
Topical term or geographic name entry element Heredity
Form subdivision Juvenile literature.
650 #0 - SUBJECT ADDED ENTRY--TOPICAL TERM
Topical term or geographic name entry element Genetics
Form subdivision Juvenile literature.
830 #0 - SERIES ADDED ENTRY--UNIFORM TITLE
Uniform title Investigating cells.
942 ## - ADDED ENTRY ELEMENTS (KOHA)
Source of classification or shelving scheme
Koha item type Books - Non Ficton
Holdings
Withdrawn status Lost status Source of classification or shelving scheme Damaged status Not for loan Collection code Permanent Location Current Location Shelving location Date acquired Full call number Barcode Date last seen Price effective from Koha item type
          Non-Fiction KH8 Senior School Library KH8 Senior School Library Non Fiction 2019-08-16 572.86 RAN 3KHSL000100094 2019-08-16 2019-08-16 Books - Non Ficton

Powered By KH8 IT Dept